Normal view
MARC view
- Durand, Vincent Mark,
Entry Personal Name
001 - CONTROL NUMBER
- control field: 6300
003 - CONTROL NUMBER IDENTIFIER
- control field: URS
005 - DATE AND TIME OF LATEST TRANSACTION
- control field: 20250729143754.0
008 - FIXED-LENGTH DATA ELEMENTS
- fixed length control field: 250729|| aca||aabn | a|a d
040 ## - CATALOGING SOURCE
- Original cataloging agency: URS
100 ## - HEADING--PERSONAL NAME
- Personal name: Durand, Vincent Mark,
- Relator term: author.


































